Signal processing and linear systems (Record no. 1319)

000 -LEADER
fixed length control field 00543nam a2200205 a 4500
001 - CONTROL NUMBER
control field 1319
003 - CONTROL NUMBER IDENTIFIER
control field BD-DhUET
008 - FIXED-LENGTH DATA ELEMENTS--GENERAL INFORMATION
fixed length control field 980109s1998 caua b 001 0 eng
020 ## - INTERNATIONAL STANDARD BOOK NUMBER
International Standard Book Number 0941413357
040 ## - CATALOGING SOURCE
Original cataloging agency DLC
Transcribing agency DLC
Modifying agency BD-DhUET
082 00 - DEWEY DECIMAL CLASSIFICATION NUMBER
Classification number 623.22
Item number LAT/1998
100 ## - MAIN ENTRY--PERSONAL NAME
Personal name Lathi B. P.
245 10 - TITLE STATEMENT
Title Signal processing and linear systems
250 ## - EDITION STATEMENT
Edition statement 1st ed
260 ## - PUBLICATION, DISTRIBUTION, ETC. (IMPRINT)
Place of publication, distribution, etc. New York
Name of publisher, distributor, etc. Oxford University Press
Date of publication, distribution, etc. 1998
300 ## - PHYSICAL DESCRIPTION
Extent x, 850 p.
Other physical details ill.
Dimensions 24 cm.
504 ## - BIBLIOGRAPHY, ETC. NOTE
Bibliography, etc Includes bibliographies
650 #0 - SUBJECT ADDED ENTRY--TOPICAL TERM
Topical term or geographic name as entry element Digital signal processing
942 ## - ADDED ENTRY ELEMENTS (KOHA)
Koha item type General Book
Holdings
Koha item type Koha normalized classification for sorting Location (home branch) Withdrawn status Koha full call number Price effective from Shelving location Koha date last borrowed Lost status Koha renewals Koha date last seen Koha issues (times borrowed) Not for loan Copy number Piece designation (barcode) Sublocation or collection (holding branch) Damaged status Source of classification or shelving scheme Date acquired
General Book623_000000000000000_22LAT1998Central Library, BUET 623.22/LAT/19982014-09-03Circulation section  22019-09-14  1103856Central Library, BUET  2014-09-03
General Book623_000000000000000_22LAT1998Central Library, BUET 623.22/LAT/19982014-09-03Circulation section   2014-09-03  2103857Central Library, BUET  2014-09-03
General Book623_220000000000000_LAT_1998Central Library, BUET 623.22/LAT/19982014-09-03Circulation section2015-06-13  2017-08-191 3103859Central Library, BUET  2014-09-03
General Book623_000000000000000_22LAT1998Central Library, BUET 623.22/LAT/19982014-09-03Circulation section2015-10-20  2017-01-081 4103860Central Library, BUET  2014-09-03
General Book623_000000000000000_22LAT1998Central Library, BUET 623.22/LAT/19982014-09-03Circulation section2015-05-25  2017-04-111 5103863Central Library, BUET  2014-09-03
General Book623_000000000000000_22LAT1998Central Library, BUET 623.22/LAT/19982014-09-03Circulation section2015-05-25  2017-06-131 6103864Central Library, BUET  2014-09-03
General Book623_000000000000000_22LAT1998Central Library, BUET 623.22/LAT/19982014-09-03Circulation section   2017-08-20  7103865Central Library, BUET  2014-09-03
General Book623_000000000000000_22LAT1998Central Library, BUET 623.22/LAT/19982014-11-18Circulation section   2017-10-10  8103858Central Library, BUET  2014-11-18
General Book623_220000000000000_LAT1998Central Library, BUET 623.22 LAT/19982014-12-02Circulation section2017-04-18  2017-05-311 9103861Central Library, BUET  2014-12-02
General Book623_220000000000000_LAT_1998Central Library, BUET 623.22/LAT/19982015-06-03Circulation section  22017-02-06  10100035Central Library, BUET  2015-06-03
General Book623_220000000000000_LAT_1998Central Library, BUET 623.22/LAT/19982017-10-31Circulation section2025-09-07  2025-09-172 11103862Central Library, BUET  2007-05-28